000 01311nam a22003257a 4500
999 _c65560
_d65560
005 20240530110831.0
008 190916s2007 ua f b 000 0 ara d
017 _a22868 / 2006
_bمصر. دار الكتب
020 _a9771438255
040 _aEG-CaGPL
_cEG-CaGPL
082 0 4 _221
_a306 /
_bق / ع ف
100 0 _aعصمت نصار
245 1 2 _aالفكر المصرى الحديث بين النقض والنقد /
_cتاليف عصمت نصار
250 _aط. 1
260 _aالقاهرة :
_bنهضة مصر للطباعة والنشر والتوزيع،
_c2007
300 _a307 ص. ؛
_c24 سم.
504 _aيشتمل على ارجاعات ببليوجرافية
650 0 7 _2qrmak
_aالصحافة المصرية
_xتطور
650 0 7 _2qrmak
_aالصالونات الادبية
650 0 7 _2qrmak
_aالتنوير
_zمصر
650 0 7 _2qrmak
_aالانثروبولوجيا الثقافية
_zمصر
650 0 7 _2qrmak
_aالوعى الاجتماعى
_zمصر
650 0 7 _2qrmak
_aالاحوال الثقافية
_zمصر
650 0 7 _2qrmak
_aالعلاقات الثقافية
650 0 7 _2qrmak
_aالتبادل الثقافى
650 0 7 _2qrmak
_aالبعثات
_zاوروبا
651 0 7 _2qrmak
942 _2ddc
_cBK